|
|
|
|
| LEADER |
02091nam a2200313 a 4500 |
| 008 |
090803r20011997enka b 001 0 eng d |
| 020 |
|
|
|a 9812400737
|
| 020 |
|
|
|a 017443474X
|
| 020 |
|
|
|a 0174434731
|
| 082 |
0 |
0 |
|a 821/.3
|2 21
|
| 245 |
0 |
0 |
|a Shakespeare's sonnets :
|b critical essays /
|c edited by Katherine Duncan-Jones.
|
| 260 |
|
|
|a London :
|b Thomson Publishing company,
|c 1997 [reprinted 2001]
|
| 300 |
|
|
|a xv, 487 p. :
|b ill. ;
|c 18 cm.
|
| 490 |
0 |
|
|a The Arden shakespeare
|
| 504 |
|
|
|a Includes bibliographical references and index.
|
| 541 |
1 |
|
|e 00013517
|
| 600 |
1 |
0 |
|a Shakespeare, William,
|d 1564-1616.
|t Sonnets.
|
| 650 |
|
0 |
|a Sonnets, English
|x History and criticism.
|
| 700 |
1 |
|
|a Duncan-Jones, Katherine.
|
| 830 |
|
0 |
|a Garland reference library of the humanities ;
|v v. 1988.
|
| 830 |
|
0 |
|a Garland reference library of the humanities.
|p Shakespeare criticism ;
|v v. 20.
|
| 852 |
4 |
|
|a Ayesha Abed Library
|j General shelf
|
| 999 |
|
|
|c 8313
|d 8313
|
| 952 |
|
|
|0 0
|1 0
|2 ddc
|4 0
|6 821_300000000000000_SHA
|7 0
|9 9563
|a BRACUL
|b BRACUL
|c GEN
|d 2010-04-29
|g 351.00
|l 19
|m 112
|o 821.3 SHA
|p 3010013517
|r 2025-11-30
|s 2025-10-15
|t 3
|w 2010-04-29
|y BK
|
| 952 |
|
|
|0 0
|1 0
|2 ddc
|4 0
|6 821_300000000000000_SHA
|7 0
|9 9564
|a BRACUL
|b BRACUL
|c GEN
|d 2010-04-29
|g 351.00
|l 12
|m 66
|o 821.3 SHA
|p 3010013515
|r 2026-03-08
|s 2026-02-03
|t 2
|w 2010-04-29
|y BK
|
| 952 |
|
|
|0 0
|1 0
|2 ddc
|4 0
|6 821_300000000000000_SHA
|7 0
|9 9565
|a BRACUL
|b BRACUL
|c GEN
|d 2010-04-29
|l 15
|m 62
|o 821.3 SHA
|p 3010012590
|r 2025-10-26
|s 2025-10-19
|t 1
|w 2010-04-29
|y BK
|x Price not available in Register
|
| 952 |
|
|
|0 0
|1 3
|2 ddc
|4 0
|6 821_000000000000000__3_SHA
|7 0
|9 13747
|a BRACUL
|b BRACUL
|c GEN
|d 2011-01-04
|g 351.00
|l 10
|m 31
|o 821.3 SHA
|p 3010013516
|r 2017-09-20
|s 2017-06-05
|t 4
|w 2011-01-04
|y BK
|x Lost and cost paid by Nsha Idrishi ID-17305014 (BDT-702/-)
|
| 952 |
|
|
|0 0
|1 0
|2 ddc
|4 0
|6 821_300000000000000_SHA
|7 0
|9 13996
|a BRACUL
|b BRACUL
|c GEN
|d 2011-01-18
|g 351.00
|l 9
|m 62
|o 821.3 SHA
|p 3010013514
|r 2024-07-08
|s 2024-06-24
|t 5
|w 2011-01-18
|y BK
|
| 952 |
|
|
|0 0
|1 0
|2 ddc
|4 0
|6 821_300000000000000_SHA
|7 0
|9 13997
|a BRACUL
|b BRACUL
|c GEN
|d 2011-01-18
|g 351.00
|l 17
|m 79
|o 821.3 SHA
|p 3010013513
|r 2026-04-02
|s 2026-02-22
|t 6
|w 2011-01-18
|y BK
|